Online katalóg knižníc regiónu Turca

Mačacie dobrodružstvá v meste (Record no. 21772)

MARC details
000 -LEADER
fixed length control field 01524nam a2200421 a 4500
001 - CONTROL NUMBER
control field 21772
003 - CONTROL NUMBER IDENTIFIER
control field VRT
005 - DATE AND TIME OF LATEST TRANSACTION
control field 20260309143012.0
008 - FIXED-LENGTH DATA ELEMENTS--GENERAL INFORMATION
fixed length control field 151112s2008 xo a b 000 1 slo
015 ## - NATIONAL BIBLIOGRAPHY NUMBER
National bibliography number SNBA2008/08-03435
020 ## - INTERNATIONAL STANDARD BOOK NUMBER
International Standard Book Number 9788089242726 (viaz.)
035 ## - SYSTEM CONTROL NUMBER
System control number 0E9B38BE-E6E9-4C91-BE13-29134E3A8DB0
035 ## - SYSTEM CONTROL NUMBER
System control number urn:nbn:sk:snk-amjvl2
035 ## - SYSTEM CONTROL NUMBER
System control number urn:nbn:sk:snk-am0080lv
039 #9 - LEVEL OF BIBLIOGRAPHIC CONTROL AND CODING DETAIL [OBSOLETE]
Level of rules in bibliographic description 202403131542
Level of effort used to assign nonsubject heading access points AUTHORITY
Level of effort used to assign subject headings 201706201347
Level of effort used to assign classification AUTHORITY
Level of effort used to assign subject headings 201706201343
Level of effort used to assign classification AUTHORITY
Level of effort used to assign subject headings 201706201341
Level of effort used to assign classification AUTHORITY
040 ## - CATALOGING SOURCE
Original cataloging agency SKPK
Language of cataloging slo
Transcribing agency SKPK
Modifying agency SNK
Description conventions AACR2
041 1# - LANGUAGE CODE
Language code of text/sound track or separate title slo
Language code of original hun
044 ## - COUNTRY OF PUBLISHING/PRODUCING ENTITY CODE
MARC country code xo
ISO country code SK
072 #7 - SUBJECT CATEGORY CODE
Subject category code 821-93
Subject category code subdivision Literatúra pre deti a mládež
Source konspekt
080 ## - UNIVERSAL DECIMAL CLASSIFICATION NUMBER
Universal Decimal Classification number 821-93
Edition identifier 2001
080 ## - UNIVERSAL DECIMAL CLASSIFICATION NUMBER
Universal Decimal Classification number 821.511.141
Edition identifier 2001
100 1# - MAIN ENTRY--PERSONAL NAME
Personal name Hajnal, Eszes
Titles and words associated with a name (ilustrátorka)
Relationship aut
-- ill
240 10 - UNIFORM TITLE
Uniform title Cicakaland a városban
Language of a work Slovensky
245 10 - TITLE STATEMENT
Title Mačacie dobrodružstvá v meste
Statement of responsibility, etc. [preklad Zlatica Wolfová ; ilustrácie Hajnal Eszes, Tibor Tamás Salfai]
250 ## - EDITION STATEMENT
Edition statement 1. slov. vyd.
260 ## - PUBLICATION, DISTRIBUTION, ETC.
Place of publication, distribution, etc. Bratislava
Name of publisher, distributor, etc. Slovart Print
Date of publication, distribution, etc. 2008
300 ## - PHYSICAL DESCRIPTION
Extent 95 s.
Other physical details fareb. ilustr.
Dimensions 27 cm
655 #7 - INDEX TERM--GENRE/FORM
Genre/form data or focus term maďarské rozprávky
Source of term SNKPH
655 #7 - INDEX TERM--GENRE/FORM
Genre/form data or focus term publikácie pre deti
Source of term SNKPH
700 1# - ADDED ENTRY--PERSONAL NAME
Personal name Wolfová, Zlatica
Relationship trl
700 1# - ADDED ENTRY--PERSONAL NAME
Personal name Salfai, Tibor Tamás
Relationship ill
942 ## - ADDED ENTRY ELEMENTS (KOHA)
Source of classification or shelving scheme Dewey Decimal Classification
Koha item type Krásna literatúra pre deti
Suppress in OPAC No
949 ## - LOCAL PROCESSING INFORMATION (OCLC)
6 17A0595542
a snkSB 76415
b snk2008/14791
o 1618/08
s 6100:20140925
949 ## - LOCAL PROCESSING INFORMATION (OCLC)
6 17A0595569
a snkSB 76415 D1
b snk2008/14792
o 1618/08
949 ## - LOCAL PROCESSING INFORMATION (OCLC)
6 3869A09889
a bpksh821-93
b bpksh57385
980 ## - EQUIVALENCE OR CROSS-REFERENCE-SERIES STATEMENT--PERSONAL NAME/TITLE [LOCAL, CANADA]
Personal name 821.511.141-93
980 ## - EQUIVALENCE OR CROSS-REFERENCE-SERIES STATEMENT--PERSONAL NAME/TITLE [LOCAL, CANADA]
Personal name 821.511.141-34
Holdings
Stav vyradenia Strata Poškodenie Spôsob nadobudnutia Domovská knižnica Aktuálna knižnica Dátum nadobudnutia Total checkouts Čiarový kód exemplára Date last seen Typ exemplára
      Dar Obecná knižnica Turčianska Štiavnička Obecná knižnica Turčianska Štiavnička 09.03.2026   4738000382 09.03.2026 Krásna literatúra pre deti
Projekt je podporený Slovenskou asociáciou knižníc
Prevádzkuje Turčianska knižnica Martin 2026